[Event "Guanabara III IRT 201"]
[Site "Guanabara"]
[Date "2014.07.19"]
[Round "3.5"]
[White "Giese, Ellen Cristine"]
[Black "Siqueira, Allan de Sousa"]
[Result "1-0"]
[WhiteElo "1878"]
[BlackElo "1922"]
[PlyCount "79"]
[EventDate "2014.07.05"]
[EventType "swiss"]
[EventRounds "6"]
[EventCountry "BRA"]
[SourceTitle "EXT 2022"]
[Source "ChessBase"]
[SourceDate "2021.10.06"]
[SourceVersion "1"]
[SourceVersionDate "2021.10.06"]
[SourceQuality "1"]

1. e4 c6 2. d3 d5 3. Nd2 e5 4. Ngf3 Bd6 5. g3 Nh6 6. Bg2 0-0 7. Nb3 Ng4 8. h3 Nf6 9. Qe2 d4 10. 0-0 Be6 11. Ng5 Bxb3 12. axb3 h6 13. Nf3 Nh7 14. Nh4 Be7 15. Nf5 Bg5 16. f4 Bf6 17. Qg4 Nd7 18. Nxh6+ Kh8 19. Nf5 g6 20. Nd6 Qc7 21. Nc4 b5 22. Nd2 Bg7 23. Qe2 exf4 24. gxf4 Bh6 25. Qf2 c5 26. e5 Rae8 27. Ne4 Nxe5 28. Qh4 Bxf4 29. Nf6 Kg7 30. Nxe8+ Rxe8 31. Bxf4 Rh8 32. Bh6+ Kg8 33. Rxa7 Qb8 34. Rb7 Qe8 35. Re7 Qd8 36. Bd5 Nf8 37. Bxf7+ Nxf7 38. Rfxf7 Ne6 39. Qf6 Qb8 40. Rg7+ 1-0

[Event "BRA-ch (Women)"]
[Site "Sao Jose do Rio Preto"]
[Date "2013.12.12"]
[Round "1"]
[White "Giese, Ellen Cristine"]
[Black "Sirahata Hasegava, Flavia"]
[Result "1-0"]
[WhiteElo "1905"]
[BlackElo "1472"]
[PlyCount "79"]
[EventDate "2013.12.12"]
[EventType "swiss"]
[EventRounds "7"]
[EventCountry "BRA"]
[SourceTitle "CBM 158 Extra"]
[Source "ChessBase"]
[SourceDate "2014.02.28"]
[SourceVersion "1"]
[SourceVersionDate "2014.02.28"]
[SourceQuality "1"]

1. e4 c5 2. Nf3 d6 3. d4 cxd4 4. Qxd4 Nf6 5. c4 Nbd7 6. Nc3 a6 7. Be2 e6 8. 0-0 Be7 9. b3 0-0 10. Bb2 b6 11. Rad1 Qc7 12. Bd3 Bb7 13. Bb1 Rfd8 14. h3 Qc6 15. Rfe1 Nf8 16. Qe3 Ng6 17. Nd5 Nd7 18. Nxe7+ Nxe7 19. Qg5 f6 20. Qg4 Kf7 21. Nd4 Qc8 22. Qxe6+ Kf8 23. Qxd6 Nc5 24. Qxb6 Kg8 25. Ba3 Nd7 26. Qe6+ Kh8 27. Qxe7 Re8 28. Qf7 Ne5 29. Qh5 h6 30. Nf5 Qe6 31. Rd6 Qg8 32. f4 Nf7 33. Rb6 Bc8 34. Nh4 Kh7 35. e5+ f5 36. Nxf5 Bxf5 37. Bxf5+ Kh8 38. e6 Nd8 39. Bb2 Ra7 40. Qxh6+ 1-0

[Event "Rio de Janeiro Primavera HERMATEC"]
[Site "Rio de Janeiro"]
[Date "2013.11.03"]
[Round "5.2"]
[White "Batista, Andre Kemper"]
[Black "Giese, Ellen Cristine"]
[Result "1/2-1/2"]
[WhiteElo "1818"]
[BlackElo "1886"]
[PlyCount "91"]
[EventDate "2013.11.03"]
[EventType "swiss"]
[EventRounds "5"]
[EventCountry "BRA"]
[SourceTitle "EXT 2022"]
[Source "ChessBase"]
[SourceDate "2021.10.06"]
[SourceVersion "1"]
[SourceVersionDate "2021.10.06"]
[SourceQuality "1"]

1. e4 c5 2. Nc3 a6 3. f4 Nc6 4. Nf3 d6 5. Bc4 e6 6. 0-0 b5 7. Be2 Nf6 8. d3 Be7 9. Qe1 0-0 10. Bd1 Qc7 11. Ne2 e5 12. fxe5 dxe5 13. Ng3 Bg4 14. h3 Bxf3 15. Bxf3 Nd4 16. Bd1 Rfd8 17. Nf5 Ne6 18. Qg3 Rd7 19. Bh6 Ne8 20. Bh5 Bf8 21. Be3 g6 22. Nh6+ Kh8 23. Bg4 Nf4 24. Rxf4 Bxh6 25. Rf2 Bxe3 26. Qxe3 Re7 27. Raf1 Kg7 28. h4 h6 29. Qg3 Rd8 30. Qf3 Rd6 31. h5 g5 32. Bf5 c4 33. dxc4 Qxc4 34. b3 Qc7 35. Rd1 Rc6 36. Qd3 Rc3 37. Qd8 Rxc2 38. Qxe7 Qxe7 39. Rxc2 Nf6 40. Rc6 Qa7+ 41. Kh2 Nxh5 42. Rd7 Qf2 43. Rg6+ Kf8 44. Rd8+ Ke7 45. Rd7+ Kf8 46. Rd8+ 1/2-1/2

[Event "BRA pre olympic (Women) 2nd"]
[Site "Rio de Janeiro"]
[Date "2013.10.06"]
[Round "5"]
[White "Chaves, Joara"]
[Black "Giese, Ellen Cristine"]
[Result "1-0"]
[WhiteElo "2031"]
[BlackElo "1858"]
[PlyCount "99"]
[EventDate "2013.10.04"]
[EventType "swiss"]
[EventRounds "6"]
[EventCountry "BRA"]
[SourceTitle "EXT 2016"]
[Source "ChessBase"]
[SourceDate "2015.10.08"]
[SourceVersion "1"]
[SourceVersionDate "2015.10.08"]
[SourceQuality "1"]

1. e4 e5 2. Nf3 d6 3. Bc4 Be7 4. c3 Nf6 5. Qe2 c6 6. Bb3 0-0 7. d3 Nbd7 8. 0-0 Qc7 9. Re1 Nc5 10. Bc2 Ne6 11. d4 b6 12. Be3 a5 13. Ng5 Nd8 14. f4 Ng4 15. Bc1 Nf6 16. Nf3 Nd7 17. Be3 f6 18. Bb3+ Kh8 19. Nh4 g6 20. Nf3 Re8 21. Qf2 a4 22. Bc2 b5 23. Nbd2 Ne6 24. f5 Nef8 25. Qh4 Nb6 26. Bh6 Nbd7 27. Re3 c5 28. d5 c4 29. Ne1 Qc5 30. Kh1 g5 31. Qg3 Bd8 32. h4 Bb6 33. Nf1 Qc7 34. Rf3 a3 35. bxa3 Rxa3 36. hxg5 b4 37. cxb4 Rxf3 38. Nxf3 Ba6 39. Qg4 Re7 40. Qh4 Rf7 41. g6 hxg6 42. Bxf8+ Rh7 43. Bh6 gxf5 44. N3h2 c3 45. Qh5 Qc8 46. Qg6 Bxf1 47. Rxf1 Qd8 48. Rxf5 Qe7 49. Rh5 Bd8 50. Rh3 1-0

[Event "BRA pre olympic (Women) 2nd"]
[Site "Rio de Janeiro"]
[Date "2013.10.05"]
[Round "3"]
[White "Chang, Suzana"]
[Black "Giese, Ellen Cristine"]
[Result "0-1"]
[WhiteElo "2021"]
[BlackElo "1858"]
[PlyCount "48"]
[EventDate "2013.10.04"]
[EventType "swiss"]
[EventRounds "6"]
[EventCountry "BRA"]
[SourceTitle "EXT 2016"]
[Source "ChessBase"]
[SourceDate "2015.10.08"]
[SourceVersion "1"]
[SourceVersionDate "2015.10.08"]
[SourceQuality "1"]

1. e4 e5 2. Nf3 d6 3. d4 Nd7 4. Bc4 c6 5. 0-0 Be7 6. Nc3 Ngf6 7. a4 0-0 8. dxe5 dxe5 9. Qe2 Qc7 10. h3 h6 11. Nh4 Nc5 12. Ng6 Rd8 13. f4 Bd6 14. f5 Nxa4 15. Nxa4 b5 16. Bb3 bxa4 17. Rxa4 a5 18. Be3 Ba6 19. Bc4 Bb5 20. Ra2 Nxe4 21. Rf3 Nf6 22. Kh1 e4 23. Rf1 Nd5 24. Bxb5 cxb5 0-1

[Event "BRA pre olympic (Women) 2nd"]
[Site "Rio de Janeiro"]
[Date "2013.10.04"]
[Round "2"]
[White "Ribeiro, Regina"]
[Black "Giese, Ellen Cristine"]
[Result "1-0"]
[WhiteElo "2030"]
[BlackElo "1858"]
[PlyCount "65"]
[EventDate "2013.10.04"]
[EventType "swiss"]
[EventRounds "6"]
[EventCountry "BRA"]
[SourceTitle "EXT 2016"]
[Source "ChessBase"]
[SourceDate "2015.10.08"]
[SourceVersion "1"]
[SourceVersionDate "2015.10.08"]
[SourceQuality "1"]

1. Nf3 Nf6 2. g3 g6 3. Bg2 Bg7 4. 0-0 0-0 5. d4 d6 6. c4 Nbd7 7. Qc2 c6 8. Nc3 Rb8 9. Rd1 a6 10. e4 Qc7 11. c5 Re8 12. cxd6 exd6 13. Bf4 Bf8 14. e5 Nh5 15. exd6 Qd8 16. Be5 f6 17. Qb3+ Kh8 18. Ng5 Nxe5 19. dxe5 fxg5 20. Bxc6 Bd7 21. Bxd7 Qxd7 22. Re1 Bg7 23. Qd5 Rbd8 24. Rad1 b5 25. e6 Qa7 26. e7 Rd7 27. Ne4 Qb6 28. Nxg5 h6 29. Qf7 Qb8 30. Ne6 Rg8 31. Nc5 Qc8 32. Nxd7 Qxd7 33. e8Q 1-0

[Event "Rio de Janeiro Borensztajn op 2nd"]
[Site "Rio de Janeiro"]
[Date "2013.06.30"]
[Round "6"]
[White "Giese, Ellen Cristine"]
[Black "Orlandi Neto, Aristides"]
[Result "0-1"]
[WhiteElo "1870"]
[BlackElo "1809"]
[PlyCount "100"]
[EventDate "2013.06.22"]
[EventType "swiss"]
[EventRounds "7"]
[EventCountry "BRA"]
[SourceTitle "EXT 2014"]
[Source "ChessBase"]
[SourceDate "2013.11.20"]
[SourceVersion "1"]
[SourceVersionDate "2013.11.20"]
[SourceQuality "1"]

1. e4 e5 2. Nf3 Nc6 3. Bc4 Bc5 4. 0-0 d6 5. h3 Nf6 6. d3 0-0 7. c3 Be6 8. Bxe6 fxe6 9. Qb3 Qd7 10. Qxb7 Rab8 11. Qa6 d5 12. Qa4 Nd4 13. Qxd7 Nxf3+ 14. gxf3 Nxd7 15. Kg2 Rf6 16. b4 Bb6 17. Be3 Rbf8 18. Bxb6 cxb6 19. Nd2 Rg6+ 20. Kh2 Nf6 21. Rg1 Rxg1 22. Rxg1 Nh5 23. Rg5 Nf4 24. Rxe5 Rf6 25. exd5 Nxd5 26. Kg3 Rg6+ 27. Kh2 Nxc3 28. a3 Nd5 29. Re4 Kf7 30. Nc4 Ke7 31. Rg4 Kf6 32. Nd6 Rxg4 33. fxg4 Ke5 34. Nc8 a6 35. Na7 Kd4 36. b5 axb5 37. Nxb5+ Kxd3 38. a4 Kc4 39. Nd6+ Kb4 40. Kg3 Kxa4 41. Kf3 b5 42. Nxb5 Kxb5 43. Ke4 Kc6 44. f4 Kd6 45. f5 e5 46. g5 Nf4 47. h4 Ng2 48. h5 Nf4 49. g6 hxg6 50. hxg6 Nh5 0-1

[Event "Rio de Janeiro Borensztajn op 2nd"]
[Site "Rio de Janeiro"]
[Date "2013.06.29"]
[Round "4"]
[White "Noseda, Francesco"]
[Black "Giese, Ellen Cristine"]
[Result "1/2-1/2"]
[WhiteElo "1931"]
[BlackElo "1870"]
[PlyCount "55"]
[EventDate "2013.06.22"]
[EventType "swiss"]
[EventRounds "7"]
[EventCountry "BRA"]
[SourceTitle "EXT 2014"]
[Source "ChessBase"]
[SourceDate "2013.11.20"]
[SourceVersion "1"]
[SourceVersionDate "2013.11.20"]
[SourceQuality "1"]

1. e4 e5 2. f4 exf4 3. Nf3 Nf6 4. e5 Nh5 5. d4 d6 6. exd6 Bxd6 7. Bc4 0-0 8. 0-0 Nd7 9. Nc3 Nb6 10. Bd3 c5 11. Nb5 Bg4 12. Nxd6 Qxd6 13. Bxh7+ Kh8 14. Be4 Nf6 15. Bxb7 Rab8 16. Ba6 Na4 17. b3 Qxa6 18. bxa4 Rfd8 19. c3 cxd4 20. cxd4 Rb4 21. Qe1 Rxa4 22. Bxf4 Rxa2 23. Ne5 Rxa1 24. Qxa1 Qxa1 25. Rxa1 Rxd4 26. Be3 Rd1+ 27. Rxd1 Bxd1 28. Bxa7 1/2-1/2

[Event "Rio de Janeiro Regional Sudeste"]
[Site "Rio de Janeiro"]
[Date "2013.03.31"]
[Round "5"]
[White "Chaves, Jorge Antonio Torre"]
[Black "Giese, Ellen Cristine"]
[Result "1/2-1/2"]
[WhiteElo "2033"]
[BlackElo "1861"]
[PlyCount "67"]
[EventDate "2013.03.29"]
[EventType "swiss"]
[EventRounds "6"]
[EventCountry "BRA"]
[SourceTitle "CBM 153 Extra"]
[Source "ChessBase"]
[SourceDate "2013.04.22"]
[SourceVersion "1"]
[SourceVersionDate "2013.04.22"]
[SourceQuality "1"]

1. Nf3 Nf6 2. c4 g6 3. Nc3 Bg7 4. d4 0-0 5. e4 d6 6. Be2 c5 7. 0-0 Na6 8. Re1 Be6 9. Bf1 Qc8 10. d5 Bg4 11. h3 Bxf3 12. Qxf3 Nd7 13. Bf4 h6 14. h4 f5 15. exf5 Rxf5 16. Bd3 Ne5 17. Rxe5 Bxe5 18. Bxf5 Qxf5 19. Bxe5 Qxe5 20. Qg4 Qf6 21. Re1 Rf8 22. Qe6+ Qxe6 23. Rxe6 Kf7 24. h5 Rg8 25. Nb5 Nb4 26. a3 Nd3 27. hxg6+ Rxg6 28. Rxg6 Kxg6 29. Nxa7 Nxb2 30. Nc8 Nxc4 31. Nxe7+ Kf6 32. Ng8+ Kg7 33. Ne7 Kf6 34. Ng8+ 1/2-1/2

[Event "Rio de Janeiro Regional Sudeste"]
[Site "Rio de Janeiro"]
[Date "2013.03.30"]
[Round "3"]
[White "Barquette, Edson Tadeu Rodrigu"]
[Black "Giese, Ellen Cristine"]
[Result "0-1"]
[WhiteElo "1719"]
[BlackElo "1861"]
[PlyCount "76"]
[EventDate "2013.03.29"]
[EventType "swiss"]
[EventRounds "6"]
[EventCountry "BRA"]
[SourceTitle "CBM 153 Extra"]
[Source "ChessBase"]
[SourceDate "2013.04.22"]
[SourceVersion "1"]
[SourceVersionDate "2013.04.22"]
[SourceQuality "1"]

1. d4 Nf6 2. c4 g6 3. Nc3 Bg7 4. e4 d6 5. g3 0-0 6. Bg2 e5 7. d5 a5 8. Nf3 Nbd7 9. 0-0 Nc5 10. Re1 Bd7 11. Qc2 Nh5 12. Be3 b6 13. Bxc5 bxc5 14. h3 f5 15. exf5 gxf5 16. Kh2 Bf6 17. Qe2 Qe8 18. a4 Ng7 19. Nb5 Bd8 20. Nd2 Nh5 21. Bf3 Nf6 22. Nb3 e4 23. Bg2 Qe5 24. f4 Qe7 25. Qd2 Nh5 26. Nc3 Qg7 27. Ne2 Rb8 28. Ra3 Bxa4 29. Rxa4 Rxb3 30. Ra3 Rxb2 31. Qxa5 Kh8 32. Re3 Rg8 33. Qc3 Bf6 34. Qa3 h6 35. Nc3 Rxg2+ 36. Kxg2 Nxf4+ 37. Kh2 Nd3 38. Rxd3 exd3 0-1

[Event "Rio de Janeiro Regional Sudeste"]
[Site "Rio de Janeiro"]
[Date "2013.03.30"]
[Round "4"]
[White "Giese, Ellen Cristine"]
[Black "Vilela, Humberto Franca"]
[Result "1-0"]
[WhiteElo "1861"]
[BlackElo "2062"]
[PlyCount "85"]
[EventDate "2013.03.29"]
[EventType "swiss"]
[EventRounds "6"]
[EventCountry "BRA"]
[SourceTitle "CBM 153 Extra"]
[Source "ChessBase"]
[SourceDate "2013.04.22"]
[SourceVersion "1"]
[SourceVersionDate "2013.04.22"]
[SourceQuality "1"]

1. e4 c5 2. Nf3 d6 3. d4 cxd4 4. Qxd4 Nc6 5. Bb5 Qa5+ 6. Nc3 Qxb5 7. Nxb5 Nxd4 8. Nfxd4 Kd8 9. c4 g6 10. 0-0 Bg7 11. Be3 Bd7 12. Nc3 Rc8 13. Nb3 Rxc4 14. Na5 Rb4 15. Bxa7 e6 16. Rab1 Bxc3 17. bxc3 Rxe4 18. Nxb7+ Ke7 19. Bb8 f5 20. Bxd6+ Kf7 21. Nc5 Bc6 22. Nxe4 Bxe4 23. Rb8 h6 24. Rf8+ Kg7 25. Be5+ Kxf8 26. Bxh8 Ne7 27. Bd4 Nc6 28. Bc5+ Ke8 29. f3 Bd5 30. a3 Na5 31. Rb1 Nb3 32. Bb4 Kd7 33. Kf2 f4 34. Bf8 h5 35. Bh6 e5 36. Re1 Nc5 37. Rb1 Nb3 38. Bg7 Nc5 39. Ke2 e4 40. fxe4 Bxe4 41. Rb4 g5 42. Bf8 Bd3+ 43. Kd2 1-0

[Event "Rio de Janeiro Regional Sudeste"]
[Site "Rio de Janeiro"]
[Date "2013.03.29"]
[Round "1"]
[White "Rangel, Daniel"]
[Black "Giese, Ellen Cristine"]
[Result "1-0"]
[WhiteElo "2134"]
[BlackElo "1861"]
[PlyCount "43"]
[EventDate "2013.03.29"]
[EventType "swiss"]
[EventRounds "6"]
[EventCountry "BRA"]
[SourceTitle "CBM 153 Extra"]
[Source "ChessBase"]
[SourceDate "2013.04.22"]
[SourceVersion "1"]
[SourceVersionDate "2013.04.22"]
[SourceQuality "1"]

1. e4 c5 2. Nc3 Nc6 3. g3 g6 4. Bg2 Bg7 5. d3 Nf6 6. f4 d6 7. Nf3 0-0 8. 0-0 Be6 9. h3 h5 10. Nh4 Bd7 11. f5 Be8 12. g4 Ne5 13. g5 Nfd7 14. Nd5 e6 15. Nf4 Qxg5 16. Nfxg6 Qd8 17. Nxf8 Qxh4 18. Nxd7 Nxd7 19. Be3 Bxb2 20. Rb1 Be5 21. Rxb7 Qg3 22. Qf3 1-0

[Event "Maravilhosa op 3rd"]
[Site "Laranjeiras"]
[Date "2012.07.15"]
[Round "5"]
[White "Giese, Ellen Cristine"]
[Black "De Morais, Wagner Soares"]
[Result "1/2-1/2"]
[WhiteElo "1850"]
[BlackElo "1798"]
[PlyCount "54"]
[EventDate "2012.07.13"]
[EventType "swiss"]
[EventRounds "6"]
[EventCountry "BRA"]
[SourceTitle "CBM 149 Extra"]
[Source "ChessBase"]
[SourceDate "2012.08.24"]
[SourceVersion "1"]
[SourceVersionDate "2012.08.24"]
[SourceQuality "1"]

1. e4 c5 2. Nf3 d6 3. d4 cxd4 4. Qxd4 Nc6 5. Bb5 Bd7 6. Bxc6 Bxc6 7. c4 Nf6 8. Nc3 g6 9. 0-0 Bg7 10. Qd3 0-0 11. Rb1 a5 12. b3 Qc7 13. Bb2 e6 14. Ba3 Rfd8 15. Rbc1 Qd7 16. Rfd1 d5 17. Qe2 Rac8 18. Ne5 Qe8 19. Nxc6 bxc6 20. exd5 cxd5 21. cxd5 Nxd5 22. Nxd5 exd5 23. Qxe8+ Rxe8 24. Rxc8 Rxc8 25. Rxd5 Bf8 26. g3 Bxa3 27. Rxa5 Bb4 1/2-1/2

[Event "Maravilhosa op 3rd"]
[Site "Laranjeiras"]
[Date "2012.07.15"]
[Round "6"]
[White "Giese, Ellen Cristine"]
[Black "Guimaraes, Diogo Duarte"]
[Result "0-1"]
[WhiteElo "1850"]
[BlackElo "2219"]
[PlyCount "48"]
[EventDate "2012.07.13"]
[EventType "swiss"]
[EventRounds "6"]
[EventCountry "BRA"]
[SourceTitle "CBM 149 Extra"]
[Source "ChessBase"]
[SourceDate "2012.08.24"]
[SourceVersion "1"]
[SourceVersionDate "2012.08.24"]
[SourceQuality "1"]

1. e4 e5 2. Nf3 Nf6 3. d3 Nc6 4. g3 d5 5. Qe2 Bg4 6. c3 dxe4 7. dxe4 Bc5 8. Bg2 Qe7 9. 0-0 a5 10. Rd1 h6 11. Re1 g5 12. Qc2 0-0-0 13. Nbd2 Be6 14. Nf1 Bc4 15. Rd1 Rxd1 16. Qxd1 Nxe4 17. Be3 Rd8 18. Qe1 f5 19. Bxc5 Qxc5 20. N3d2 Nxd2 21. Nxd2 Bd5 22. Rd1 Bxg2 23. Nb3 Rxd1 24. Qxd1 Qd5 0-1

[Event "Registro Preolimpic (Women) 4th"]
[Site "Registro"]
[Date "2011.07.29"]
[Round "5.6"]
[White "Giese, Ellen Cristine"]
[Black "Bucci, Andrea Vidigal"]
[Result "1/2-1/2"]
[WhiteElo "1860"]
[BlackElo "1818"]
[PlyCount "85"]
[EventDate "2011.07.29"]
[EventType "swiss"]
[EventRounds "6"]
[EventCountry "BRA"]
[SourceTitle "EXT 2022"]
[Source "ChessBase"]
[SourceDate "2021.10.06"]
[SourceVersion "1"]
[SourceVersionDate "2021.10.06"]
[SourceQuality "1"]

1. e4 Nf6 2. d3 e5 3. Nf3 d6 4. g3 Nbd7 5. Bg2 Be7 6. 0-0 0-0 7. c3 c6 8. Re1 Qc7 9. d4 Re8 10. Nbd2 a5 11. Qc2 b5 12. b3 Bb7 13. Bb2 Rac8 14. Rac1 h6 15. c4 b4 16. Nf1 c5 17. d5 Nf8 18. Nh4 Ng6 19. Nxg6 fxg6 20. h3 Rf8 21. Rcd1 Ra8 22. Bc1 a4 23. f4 axb3 24. axb3 Nd7 25. Nh2 Ra7 26. Nf3 Bf6 27. Bb2 Ra2 28. Ra1 Rfa8 29. Rxa2 Rxa2 30. Ra1 Qa5 31. Qb1 Rxa1 32. Bxa1 exf4 33. Bxf6 Nxf6 34. gxf4 Bc8 35. Nh4 g5 36. fxg5 hxg5 37. Nf3 g4 38. hxg4 Bxg4 39. Qe1 Nd7 40. e5 Bxf3 41. exd6 Bxg2 42. Qe8+ Kh7 43. Qh5+ 1/2-1/2

[Event "Rio de Janeiro Circuito Pre II (Women)"]
[Site "Rio de Janeiro"]
[Date "2011.05.27"]
[Round "1.4"]
[White "Giese, Ellen Cristine"]
[Black "Delai, Paula Fernanda"]
[Result "1/2-1/2"]
[WhiteElo "1852"]
[BlackElo "2030"]
[PlyCount "104"]
[EventDate "2011.05.27"]
[EventType "swiss"]
[EventRounds "6"]
[EventCountry "BRA"]
[SourceTitle "EXT 2022"]
[Source "ChessBase"]
[SourceDate "2021.10.06"]
[SourceVersion "1"]
[SourceVersionDate "2021.10.06"]
[SourceQuality "1"]

1. e4 c6 2. d4 g6 3. Nf3 Bg7 4. Bd3 d6 5. c3 Nf6 6. 0-0 0-0 7. Re1 Qc7 8. Bf4 Nh5 9. Bg5 h6 10. Bd2 e5 11. dxe5 dxe5 12. Qc1 Kh7 13. Na3 Bg4 14. Be2 Nf4 15. Bxf4 exf4 16. Ng5+ hxg5 17. Bxg4 Nd7 18. Nc4 Nf6 19. Bd1 b5 20. Na3 Qe5 21. Bc2 Rh8 22. Qd2 f3 23. Rad1 Rad8 24. Qc1 Rxd1 25. Qxd1 fxg2 26. Re3 Kg8 27. Rg3 Bf8 28. Qd4 Qf4 29. e5 Nh5 30. Qxf4 gxf4 31. Rxg2 Bg7 32. Rg5 Kf8 33. Bd1 Bh6 34. Rg2 Ke7 35. Nc2 c5 36. Kf1 Rd8 37. Bxh5 gxh5 38. f3 Ke6 39. Re2 Bg7 40. Ne1 Bxe5 41. Ng2 Kf5 42. Nh4+ Kf6 43. Ng2 Rd1+ 44. Re1 Rd3 45. Ke2 Rd8 46. Rd1 Re8 47. Kd3 c4+ 48. Kc2 Ke6 49. Re1 Kf5 50. Nh4+ Kf6 51. Ng2 Rd8 52. Rd1 Rg8 1/2-1/2

[Event "Sao Paulo pre olympic op (Women)"]
[Site "Sao Paulo"]
[Date "2011.05.01"]
[Round "5"]
[White "Coelho, Ramyres Santana"]
[Black "Giese, Ellen Cristine"]
[Result "1-0"]
[WhiteElo "1736"]
[BlackElo "1852"]
[PlyCount "57"]
[EventDate "2011.04.29"]
[EventType "swiss"]
[EventRounds "6"]
[EventCountry "BRA"]
[SourceTitle "EXT 2012"]
[Source "ChessBase"]
[SourceDate "2011.11.24"]
[SourceVersion "1"]
[SourceVersionDate "2011.11.24"]
[SourceQuality "1"]

1. d4 Nf6 2. Nf3 g6 3. Bf4 Bg7 4. e3 0-0 5. h3 d5 6. Bd3 Nbd7 7. 0-0 c5 8. c3 b6 9. Nbd2 Bb7 10. Qe2 Re8 11. Ne5 Nh5 12. Bb5 Nxf4 13. exf4 Bxe5 14. fxe5 e6 15. f4 a6 16. Bd3 b5 17. g4 cxd4 18. cxd4 b4 19. f5 Qb6 20. Qf2 exf5 21. gxf5 Nf8 22. Nb3 gxf5 23. Bxf5 Bc8 24. Bxh7+ Kh8 25. Bd3 Qh6 26. Qf6+ Qg7+ 27. Kh2 Qxf6 28. Rxf6 Be6 29. Rg1 1-0

[Event "Sao Paulo pre olympic op (Women)"]
[Site "Sao Paulo"]
[Date "2011.04.29"]
[Round "1"]
[White "Giese, Ellen Cristine"]
[Black "Terao, Juliana Sayumi"]
[Result "1/2-1/2"]
[WhiteElo "1852"]
[BlackElo "2169"]
[PlyCount "51"]
[EventDate "2011.04.29"]
[EventType "swiss"]
[EventRounds "6"]
[EventCountry "BRA"]
[SourceTitle "EXT 2012"]
[Source "ChessBase"]
[SourceDate "2011.11.24"]
[SourceVersion "1"]
[SourceVersionDate "2011.11.24"]
[SourceQuality "1"]

1. e4 c5 2. Nf3 e6 3. d4 cxd4 4. Nxd4 a6 5. Bd3 Bc5 6. Nb3 Be7 7. Nc3 Qc7 8. f4 d6 9. a4 b6 10. 0-0 Bb7 11. Qe2 Nd7 12. Bd2 Ngf6 13. Rae1 e5 14. f5 h5 15. Rf3 d5 16. exd5 Nxd5 17. Rh3 N5f6 18. Rg3 Ng4 19. Rf1 0-0 20. Be4 Ndf6 21. Bd3 Qc6 22. Re1 Bd6 23. Ne4 Nxe4 24. Bxe4 Qxe4 25. Qxe4 Bxe4 26. Rxe4 1/2-1/2

[Event "Birigui IRT Semana Olimpica SESC"]
[Site "Birigui"]
[Date "2008.06.22"]
[Round "6.5"]
[White "Giese, Ellen Cristine"]
[Black "Calixto, Roberto Carlos"]
[Result "0-1"]
[WhiteElo "1832"]
[BlackElo "1904"]
[PlyCount "42"]
[EventDate "2008.06.20"]
[EventType "swiss"]
[EventRounds "6"]
[EventCountry "BRA"]
[SourceTitle "EXT 2022"]
[Source "ChessBase"]
[SourceDate "2021.10.06"]
[SourceVersion "1"]
[SourceVersionDate "2021.10.06"]
[SourceQuality "1"]

1. e4 c5 2. Nf3 Nc6 3. c3 d5 4. e5 d4 5. Bb5 Bd7 6. cxd4 Nxd4 7. Nxd4 cxd4 8. Qa4 Bxb5 9. Qxb5+ Qd7 10. Qxd7+ Kxd7 11. d3 f6 12. Bf4 g5 13. Bg3 Bg7 14. exf6 Bxf6 15. Nd2 Rc8 16. Kd1 Nh6 17. Ne4 Rhf8 18. Rf1 Rc6 19. Rc1 Nf5 20. Nxf6+ Rfxf6 21. Be5 Ne3+ 0-1

[Event "BRA-ch (Women)"]
[Site "Novo Hamburgo"]
[Date "2008.05.24"]
[Round "5"]
[White "Gazola, Vanessa Ramos"]
[Black "Giese, Ellen Cristine"]
[Result "1-0"]
[WhiteElo "2003"]
[BlackElo "1832"]
[PlyCount "119"]
[EventDate "2008.05.22"]
[EventType "swiss"]
[EventRounds "7"]
[EventCountry "BRA"]
[SourceTitle "EXT 2009"]
[Source "ChessBase"]
[SourceDate "2008.11.26"]
[SourceVersion "1"]
[SourceVersionDate "2008.11.26"]
[SourceQuality "1"]

1. d4 Nf6 2. c4 g6 3. Nc3 Bg7 4. e4 d6 5. Be2 0-0 6. Bg5 h6 7. Be3 c6 8. Qd2 Kh7 9. f3 Na6 10. g4 Ng8 11. h4 e5 12. d5 f5 13. h5 f4 14. hxg6+ Kxg6 15. Bf2 c5 16. Bd3 Bd7 17. Nge2 Rb8 18. Bh4 Qe8 19. a4 Nb4 20. Nb5 Bxb5 21. cxb5 Ne7 22. Nc1 Kf7 23. Bf2 Ng6 24. Nb3 Qd8 25. Bc4 b6 26. Rh5 Rh8 27. Ke2 Bf6 28. Rah1 Bg5 29. Qd1 Qc8 30. Be1 a5 31. bxa6 Nxa6 32. Nd2 Nc7 33. Qb3 Qd7 34. Bb5 Nxb5 35. axb5 Ra8 36. Nc4 Qc7 37. Bc3 Nh4 38. Nxe5+ Ke8 39. Ng6 Nxg6 40. Bxh8 c4 41. Qc3 Ra5 42. Bd4 Rxb5 43. Rc1 Ne5 44. Bxe5 dxe5 45. Qxc4 Rxb2+ 46. Kd1 Qxc4 47. Rxc4 b5 48. Rc6 b4 49. Kc1 Rf2 50. Rh3 b3 51. Rb6 b2+ 52. Rxb2 Rxb2 53. Kxb2 Kd7 54. Kb3 Kc7 55. Kc4 Kd6 56. Kb5 Kd7 57. Rh5 Kd6 58. Rxg5 hxg5 59. Kb6 Kd7 60. Kc5 1-0